000
00285cam a22000977a 4500
008
180718b1962 xxu||||| |||| 00| 0 eng d
082
_a
N124x73 Un3
245
_a
Military justice handbook: the trial counsel and the defense counsel
260
_a
Washington, D.C.
_b
_c
1962
300
_a
144p.
999
_c
493836
_d
493836